000 00857cab a2200241 4500
001 ABS49965
008 090401t1994 xxu||||| |||| 00| 0 eng d
035 _a(Sirsi) u73489
041 _aeng
100 _aLomas, O.
245 _aBack from the brink
260 _c1994
350 _a0
490 _aSolicitors` Journal
_v138(3) 28 January 1994, 73(1)
520 _aComments on "Cambridge Water Co Ltd v Eastern Counties Leather plc" (1993), which, when tried at the House of Lords, established that liability for environmental pollution can only be assigned if the damage was foreseeable.
650 _aENVIRONMENTAL LIABILITY
650 _aFORESEEABILITY
650 _aCAMBRIDGE WATER CO LTD V EASTERN COUNTIES LEATHER PLC (HL)
690 _aENVIRONMENTAL AND LAND CONSULTANCY
700 _aHunter, R.
942 _n0
948 _c04/03/1997
999 _c46448
_d46448